000 00647nam a2200289Ia 4500
005 20260324135043.0
008 008 260324s9999 xx 000 0 eng d
020 _a9780203827055
037 _aEBOOK
040 _aCRL
040 _beng
040 _cCRL
041 _2eng
041 _aeng
084 _qCRL
100 _aDerek Jones
_91199158
245 0 _aCensorship
245 2 _bA World Encyclopedia
260 _bTaylor and Francis
260 _c2001
365 _a
365 _b990
856 _uhttp://www.taylorfrancis.com/books/9780203827055
942 _cEBOOK
999 _c1799851
_d1799851